ASOIAF - Northern House Sigils - Statistics

General Stats
  • This quiz has been taken 368 times
  • The average score is 19 of 40
Answer Stats
Hint Answer % Correct
Direwolf Stark
100%
Flayed man Bolton
99%
Sunburst on black Karstark
92%
Bear Mormont
92%
Giant breaking chains Umber
91%
Merman Manderly
90%
Mailed fist Glover
88%
Lizard-lion Reed
87%
Bullmoose Hornwood
74%
Battleaxe Cerwyn
73%
Crossed axes, crown Dustin
68%
Stone hand Flint
66%
Stallion head Ryswell
65%
Ten wolf heads Cassel
60%
Three soldier pines Tallhart
60%
Crossed keys Locke
56%
Blue circle within a grey shield Poole
50%
Three buckets Wull
47%
Six thistles Norrey
42%
Three acorns Liddle
38%
Ten frogs Marsh
38%
Sword within a tree Forrester
37%
Lobster holding a harpoon Magnar
37%
Brown and gold chevrons Stout
31%
White peak on blue Whitehill
31%
Three sheep Woolfield
30%
Snow covered pine tree Mollen
24%
Bare driftwood tree Stane
22%
Footprints Lightfoot
21%
Five black discs, white and green diamonds Wells
20%
Dagger Burley
19%
Red flames on black Crowl
19%
Three lillies Fenn
19%
Three moons Harclay
19%
Orange sash, green and grey vairy Moss
19%
Crossed paddles Waterman
19%
Sword and horseshoes Ironsmith
17%
Seven green circles on brown Lake
17%
Eagle head, crossed tridents Condon
15%
Silver and gold check strip on black Overton
15%
No matching quizzes found
Score Distribution
Percent of People with Each Score
Percentile by Number Answered
Your Score History
You have not taken this quiz